| 000 | 00510nam a2200181Ia 4500 | ||
|---|---|---|---|
| 003 | GCL | ||
| 008 | 140319s9999 xx 000 0 eng d | ||
| 040 |
_aGCL / _cGCL |
||
| 082 | 0 | 4 |
_a005.3 _bH W |
| 100 | 1 | _aHORMAN, TREVER | |
| 245 | 1 | 0 |
_aWEB DEVELOPER'S GUIDE TO VISUAL J+++ AND ACTIVE X / _cHORMAN, TREVER |
| 260 |
_a[S.N] : _bCORIALS GROUP BOOKS ، _c1996 |
||
| 300 | _a409 P | ||
| 650 | 0 | 4 | _aشعر الحرب |
| 650 | 0 | 4 | _aJAVA COMPUTER PROGRAMES |
| 650 | 0 | 4 | _aCOMPUTER - PROGRAMMING |
| 942 |
_2ddc _cBK |
||
| 999 |
_c16039 _d16039 |
||